|
|
|
|
| LEADER |
00000nab a2200000 a 4500 |
| 001 |
vtls000775480 |
| 003 |
SK-MaSNL |
| 005 |
20260304111233.0 |
| 008 |
250429c2001 xo 0 slo |
| 015 |
|
|
|a SNBRB2001/11-34185
|
| 035 |
|
|
|a CLN000127267
|
| 035 |
|
|
|a urn:nbn:sk:snk-ab1s7q
|
| 035 |
|
|
|a (urnnbn)urn:nbn:sk:snk:ar-a00b5x
|
| 035 |
|
|
|a (uuid)8aa3fd00-c4cb-459e-b9a0-5a1dc39f638b
|
| 040 |
|
|
|a SNKBUCL
|b slo
|c SNKBUCL
|e AACR2
|
| 041 |
0 |
|
|a slo
|
| 044 |
|
|
|a xo
|c SK
|
| 080 |
|
|
|a 37.03:17
|2 1997
|
| 080 |
|
|
|a 17
|2 1997
|
| 100 |
1 |
|
|a Zelina, Miron,
|d 1940-
|4 aut
|9 98638
|
| 245 |
1 |
0 |
|a Kvalita v tvorivo-humánnej činnosti
|c Miron Zelina
|
| 650 |
0 |
7 |
|a výchova tvorivo-humánna
|x kvalita života
|2 snkbucl
|9 1411126
|
| 650 |
0 |
7 |
|a kvalita života
|2 snkbucl
|9 1705
|
| 655 |
|
7 |
|a články z novín a časopisov
|2 snkbucl
|9 267496
|
| 773 |
0 |
|
|t Rodina a škola
|g Roč. 49, č. 9 (2001), s. 5
|x 0231-6463
|
| 850 |
|
|
|a Slovenská národná knižnica
|
| 852 |
|
|
|a Slovenská národná knižnica
|
| 954 |
|
|
|a odborná, vedecká literatúra pôvodná (slovenská)
|2 lita
|
| 958 |
|
|
|a article27
|
| 958 |
|
|
|a SK
|
| 958 |
|
|
|a OND
|
| 958 |
|
|
|a EUIPO
|
| 992 |
|
|
|a RBX
|
| 999 |
|
|
|c 2862003
|d 2863933
|